Premeny súdnych exekúcií v období Slovenského štátu

Bibliographic Details
Main Author: Rybnikár, Samuel, 1990- (Author)
Format: Article
Language:Slovak
ISBN:9788055709314
Subjects:

MARC

LEADER 00000naa a2200000 a 4500
001 vtls011571857
003 SK-MaSNL
005 20260302140823.0
008 160808 2015 xo 100 b slo
015 |a SNBRA 2015  |2 svkbbbg 
038 |a SVKBBBG 
040 |a SVKBBBG  |b slo  |c SVKBBBG  |e AACR2 
041 0 |a slo  |g eng 
044 |a xo  |c SK 
072 7 |a 94(437.6)  |x Dejiny Slovenskej republiky  |2 konspekt 
072 7 |a 347.9  |x Občianske súdne konanie. Súdnictvo  |2 konspekt 
080 |a 94(437.6)"1939/1945"  |2 2011 
080 |a 347.952  |2 2001 
100 1 |a Rybnikár, Samuel,  |d 1990-  |4 aut  |9 228707 
245 1 0 |a Premeny súdnych exekúcií v období Slovenského štátu  |c Samuel Rybnikár 
504 |a Bibliogr. odkazy ; pozn. 
650 0 7 |a exekúcie  |2 SNKPH  |9 2225 
651 7 |a Slovensko (1939-1945)  |2 SVKBBPH  |9 172088 
773 0 |t Historicko-právna analýza príčin a následkov druhej svetovej vojny : zborník príspevkov z medzinárodnej vedeckej konferencie ...  |d Banská Bystrica : Belianum, 2015  |g S.300-316  |z 9788055709314 
852 |a SVKBB  |b KIS3GCP 
958 |a NB 
999 |c 1332582  |d 1334512